¿COHERENCIA O RUPTURA?: TEXTOS POLITICOS 1979-1985/

TRADUCCION DE: A L'EPREAUVE DES FAITS. TXTES POLITIQUES, 1979-1985

Guardado en:
Detalles Bibliográficos
Autor principal: Rocard, Michel (autor)
Formato: Libro
Colección:POPULAR; 395
Temas:
Etiquetas: Agrega una etiqueta
Sin etiquetas, Sé el primero en etiquetar este registro!

MARC

LEADER 00000nam^a2200000^a^4500
001 000223078
005 20250521000000.0
009 20260310104006.792
020 |a 968-16-2989-2 
035 |a 042134 
037 |a Acervo Xavier Clavigero 
082 |a 335. 944  |b ROC 
100 |a Rocard, Michel  |e (autor) 
245 1 0 |a ¿COHERENCIA O RUPTURA?:  |b TEXTOS POLITICOS 1979-1985/  |c MICHEL ROCARD; TR. ROSA MARIA BURCHFIELD M 
264 |a MEXICO :  |b FONDO DE CULTURA ECONOMICA,  |c 1988 
300 |a 247p. 
336 |a texto  |b txt  |2 rdacontenido 
337 |a sin mediación  |b n  |2 rdamedio 
338 |a volumen  |b nc  |2 rdasoporte 
440 |a POPULAR;  |v 395 
520 |a TRADUCCION DE: A L'EPREAUVE DES FAITS. TXTES POLITIQUES, 1979-1985 
649 |a XX 
650 |a SOCIALISMO EN FRANCIA 
650 |a FRANCIA -  |x CONDICIONES ECONOMICAS 
910 |a Fondo General 
920 |a Impresos - Libros 
930 |a Colección General 
905 |a 101 
901 |a 042134  |b IT1  |c ACC  |i 042134  |u 20250521 
902 |a https://opac.biblio.iteso.mx/vufind/Record/000223078